Materiales educativos e innovaciones

Guardat en:
Dades bibliogràfiques
Autors principals: Restrepo Gómez, Bernardo (Autor), Vargas de Avello, Martha (Autor), Cardona de Jiménez, Lucila (Autor), Vega, Rodolfo Manuel (Autor), Zubiria Samper, Miguel de (Autor), Zubiria, Julian de (Autor), González, Miguel Ángel (Autor)
Format: Llibre
Idioma:espanyol
Publicat: Bogotá SECAB 1994
Col·lecció:Programa Materiales Educativos y Calidad de la Educacion Básica
Matèries:
Etiquetes: Afegir etiqueta
Sense etiquetes, Sigues el primer a etiquetar aquest registre!

MARC

LEADER 00000nam a2200000 a 4500
001 UCY1935
003 CL-VaPUC
008 940929e19940000CK |||||||||||||||||spa|d
082 0 4 |a 370.11  |b RES  |2 21 
100 0 |a Restrepo Gómez, Bernardo  |e author  |9 330006 
700 0 |a Vargas de Avello, Martha  |e author  |9 330007 
700 0 |a Cardona de Jiménez, Lucila  |e author  |9 330008 
700 0 |a Vega, Rodolfo Manuel  |e author  |9 330009 
700 0 |a Zubiria Samper, Miguel de  |e author  |9 330010 
700 0 |a Zubiria, Julian de  |e author  |9 330011 
700 |a González, Miguel Ángel  |e author  |9 330012 
245 1 0 |a Materiales educativos e innovaciones 
300 |a 283 p 
942 |c BK 
945 |d 19940929 00:00:00  |a rbrito 
260 |a Bogotá  |b SECAB  |c 1994 
650 0 |a Innovaciones pedagógicas  |9 307471 
650 0 |a Educación  |9 258661 
650 0 |a Calidad de la educación   |9 307271 
583 |a last modification  |c 19940929 00:00:00  |k Rodrigo Vera 
490 0 |a Programa Materiales Educativos y Calidad de la Educacion Básica 
999 |c 230503  |d 230501 
952 |0 0  |1 0  |4 0  |6 370_110000000000000_RES_1994  |7 0  |8 A  |9 232834  |a BIBEDU  |b BIBEDU  |d 2019-11-15  |i 3021610  |o 370.11 RES 1994  |p 3021610  |r 2019-11-15  |w 2019-11-15  |y BK  |k EDU 
952 |0 0  |1 0  |4 0  |6 370_110000000000000_RES_1994  |7 0  |8 A  |9 232835  |a BIBEDU  |b BIBEDU  |d 2019-11-15  |i 3225666  |o 370.11 RES 1994  |p 3225666  |r 2019-11-15  |w 2019-11-15  |y BK  |k EDU